000 00565nam a2200229Ia 4500
003 OSt
005 20220924144554.0
006 a|||||r|||| 00| 0
007 ta
008 220923b |||||||| |||| 00| 0 urd d
024 _a315903
037 _cTextual
040 _aARTS
_cARTS
_burd
041 _2urd
_aurd
082 _aO168,1NHA8x, M1
100 _aHasan Farrukh
_9217935
245 0 _aMalam Yalam
260 _c1981
650 _aURDU POETRY
942 _hO168,1NHA8x, M1
_cTEXL
_2CC
999 _c457516
_d457516